Fr. Conceicao Rodrigues College of Engineering

Innovation and Entrepreneurship (Record no. 36080)

MARC details
000 -LEADER
fixed length control field 00415nam a22001577a 4500
003 - CONTROL NUMBER IDENTIFIER
control field OSt
005 - DATE AND TIME OF LATEST TRANSACTION
control field 20240905091112.0
007 - PHYSICAL DESCRIPTION FIXED FIELD--GENERAL INFORMATION
fixed length control field 346pages
008 - FIXED-LENGTH DATA ELEMENTS--GENERAL INFORMATION
fixed length control field 240905b |||||||| |||| 00| 0 eng d
020 ## - INTERNATIONAL STANDARD BOOK NUMBER
International Standard Book Number 9781138654013
040 ## - CATALOGING SOURCE
Transcribing agency
082 ## - DEWEY DECIMAL CLASSIFICATION NUMBER
Classification number 658.42
Item number DRU
245 ## - TITLE STATEMENT
Title Innovation and Entrepreneurship
Remainder of title Principles and practice
Statement of responsibility, etc. Drucker,Peter F
260 ## - PUBLICATION, DISTRIBUTION, ETC.
Name of publisher, distributor, etc. London and Newyork
942 ## - ADDED ENTRY ELEMENTS (KOHA)
Source of classification or shelving scheme Dewey Decimal Classification
Koha item type BOOK
Call number prefix 658.42
Call number suffix DRU
Suppress in OPAC No
Holdings
Withdrawn status Lost status Source of classification or shelving scheme Damaged status Not for loan Collection Home library Current library Date acquired Cost, normal purchase price Inventory number Total Checkouts Full call number Barcode Date last seen Price effective from Koha item type
    Dewey Decimal Classification     MECHANICAL Fr. Agnel's C.Rodrigues College of Engineering Fr. Agnel's C.Rodrigues College of Engineering 05/09/2024 2295.00 AO/24/08/394   658.42/DRU 26468 05/09/2024 05/09/2024 Reference Book